| 000 | 00813nam a22001817a 4500 | ||
|---|---|---|---|
| 999 |
_c62038 _d62038 |
||
| 003 | Ge_BSU | ||
| 005 | 20240626115356.0 | ||
| 008 | 240626s1992 ge ||||| |||| 00| 0 geo d | ||
| 041 | _ageo | ||
| 080 | _a615(075.8) თ-87 | ||
| 100 |
_aთურმანაული, გივი _9616 |
||
| 245 |
_aფარმაკოლოგია : _b[სახელმძღვანელო სამედ. ინ-ტის სტუდენტებისათვის]. ნაწ. 2 / _c გივი თურმანაული. |
||
| 264 |
_aთბილისი : _bგულანი, _c1992. |
||
| 300 |
_a528 გვ.; _b19 სმ. |
||
| 653 | _aფარმაკოლოგია | ||
| 700 |
_aანთელავა, ნელი _eრედაქტორი _93186 |
||
| 942 |
_2udc _cᲬᲘᲒᲜᲘ |
||